LEADER 00944nam0-22003371i-450- 001 990005861600403321 005 20100906112428.0 010 $a88-7989-011-5 035 $a000586160 035 $aFED01000586160 035 $a(Aleph)000586160FED01 035 $a000586160 100 $a20000421d1993----km-y0itay50------ba 101 0 $aita 105 $ay-------001yy 200 1 $a<>sogno tedesco$ela nuova Germania e la coscienza europea$fAngelo Bolaffi 210 $cDonzelli$dc1993$aRoma 215 $aVIII, 158 p.$d18 cm 225 1 $aInterventi$v5 610 0 $aGermania 676 $a943.0879$v21$zita 700 1$aBolaffi,$bAngelo$f<1946- >$0127543 801 0$aIT$bUNINA$gRICA$2UNIMARC 901 $aBK 912 $a990005861600403321 952 $aCOLLEZ. 1602 (5)$b22311$fFSPBC 952 $a943.087 BOL 1$bBIBL.28282$fFLFBC 959 $aFLFBC 959 $aFSPBC 996 $aSogno tedesco$9564960 997 $aUNINA LEADER 01014nam0 22002651i 450 001 SUN0017908 005 20050301120000.0 100 $a20040616d1974 |0itac50 ba 101 $aita 102 $aIT 105 $a|||| ||||| 200 1 $aEducazione e senescenza$eintroduzione al problema della formazione alla terza età$fFranca Pinto Minerva 210 $aRoma$cBulzoni$d[1974] 215 $a300 p.$cill.$d21 cm. 606 $aAnziani$2FI$3SUNC008895 620 $dRoma$3SUNL000360 676 $a301.435$v21 700 1$aPinto Minerva$b, Franca$3SUNV013434$0222950 712 $aBulzoni$3SUNV000239$4650 801 $aIT$bSOL$c20181109$gRICA 912 $aSUN0017908 950 $aUFFICIO DI BIBLIOTECA DEL DIPARTIMENTO DI PSICOLOGIA$d16 CONS 1122 $e16 VS 2448 995 $aUFFICIO DI BIBLIOTECA DEL DIPARTIMENTO DI PSICOLOGIA$bIT-CE0119$gVS$h2448$kCONS 1122$oc$qa 996 $aEducazione e senescenza$9131153 997 $aUNICAMPANIA